|
|
|
|
| LEADER |
00969nam a22002417a 4500 |
| 001 |
AAL2681 |
| 003 |
BD-DhAAL |
| 005 |
20160316121713.0 |
| 008 |
160312s 1995bg a|||| ||| 00| 0 ben d |
| 020 |
|
|
|a 9840732668
|
| 040 |
|
|
|a BD-DhAAL
|c BD-DhAAL
|
| 082 |
|
|
|a 363.7
|
| 100 |
|
|
|a আমিন, মোঃ সদরুল
|9 18435
|
| 245 |
|
|
|a পরিবেশ বিজ্ঞান :
|b মৃত্তিকা জীব ও জৈব সার /
|c মোঃ সদরুল আমিন
|
| 250 |
|
|
|a 1st ed.
|
| 260 |
|
|
|a ঢাকা :
|b বাংলা একাডেমী,
|c 1995
|
| 300 |
|
|
|a ১৩৯ পৃ. :
|b চিত্র ;
|c ২২ সে.মি.
|
| 541 |
|
|
|e 2681
|
| 650 |
|
|
|a Environmental sciences.
|9 18436
|
| 852 |
|
|
|a Savar Campus Library
|c General Shelf
|
| 942 |
|
|
|2 ddc
|c BK
|
| 999 |
|
|
|c 37133
|d 37133
|
| 952 |
|
|
|0 0
|1 0
|2 ddc
|4 0
|6 363_700000000000000_AMI
|7 0
|9 58400
|a SCL
|b SCL
|c GEN
|d 2016-03-16
|g 50.00
|l 0
|o 363.7 AMI
|p 3020002681
|r 2016-03-16
|t 1
|w 2016-03-16
|y BK
|